| 000 | 00408nam a22001697a 4500 | ||
|---|---|---|---|
| 003 | CEME | ||
| 005 | 20210628203549.0 | ||
| 008 | 210201b xxu||||| |||| 00| 0 eng d | ||
| 040 | _c. | ||
| 082 | _a956.7 MUS | ||
| 100 |
_aMusa Khan Jilal Zai _966277 |
||
| 245 | _aIraq, fall of iraq | ||
| 260 |
_aLAHORE _bDUA PUBLISHERS _c2003 |
||
| 300 | _a240P | ||
| 650 |
_aHISTORY OF IRAQ _966278 |
||
| 942 |
_cBK _2ddc |
||
| 999 |
_c574262 _d574262 |
||